01431nam a22003494a 4500001001200000003000800012006001900020007001500039008004100054010001700095020002200112040002100134035002000155050002300175082002100198245015800219260003700377300003200414500001500446504005400461533015200515610004200667650004200709650003800751650003700789651005000826655002900876700001600905710001700921856012600938999001701064ebr10056137CaPaEBRm u cr cn|||||||||020913s2002 cauab sb 000 0 eng  z 2002031870 z0833032682 (pbk.) aCaPaEBRcCaPaEBR a(OCoLC)5273154114aUA25b.S857 2002eb04a355.1/3/097322104aThe Stryker Brigade combat teamh[electronic resource] :brethinking strategic responsiveness and assessing deployment options /cAlan Vick ... [et al.]. aSanta Monica, CA :bRand,c2002. axxvi, 138 p. :bill., maps. a"MR-1606." aIncludes bibliographical references (p. 127-138). aElectronic reproduction.bPalo Alto, Calif. :cebrary,d2013.nAvailable via World Wide Web.nAccess may be limited to ebrary affiliated libraries.10aUnited States.bArmyxReorganization. 0aUnified operations (Military science) 0aAirlift, MilitaryzUnited States. 0aMilitary sealiftzUnited States. 0aUnited StatesxArmed ForcesxForeign service. 7aElectronic books.2local1 aVick, Alan.2 aebrary, Inc.40uhttp://site.ebrary.com/lib/rucke/Doc?id=10056137zAn electronic book accessible through the World Wide Web; click to view c72423d72423